دور الأليكسيثيميا ونوعية الحياة الأسرية في التنبؤ بإيذاء الذات لدى المراهقات ذوات مظاهر اضطَّراب الشخصية الحدية / (رقم التسجيلة. 177085)

تفاصيل مارك
000 -LEADER
fixed length control field 05199namaa22004091i 4500
003 - CONTROL NUMBER IDENTIFIER
control field OSt
005 - أخر تعامل مع التسجيلة
control field 20260118115856.0
008 - FIXED-LENGTH DATA ELEMENTS--GENERAL INFORMATION
fixed length control field 250827s2025 ua a|||frm||| 000 0 eng d
040 ## - CATALOGING SOURCE
Original cataloguing agency EG-GICUC
Language of cataloging ara
Transcribing agency EG-GICUC
Modifying agency EG-GICUC
Description conventions rda
041 0# - LANGUAGE CODE
Language code of text/sound track or separate title ara
Language code of summary or abstract ara
-- eng
049 ## - Acquisition Source
Acquisition Source إيداع
082 04 - DEWEY DECIMAL CLASSIFICATION NUMBER
Classification number 155.33
092 ## - LOCALLY ASSIGNED DEWEY CALL NUMBER (OCLC)
Classification number 155.33
Edition number 21
097 ## - Degree
Degree مــــاجستير
099 ## - LOCAL FREE-TEXT CALL NUMBER (OCLC)
Local Call Number Cai01.02.11.M.Sc.2025.جه.د
100 0# - MAIN ENTRY--PERSONAL NAME
Authority record control number or standard number ،جهاد أشرف محمد
Preparation إعداد.
245 10 - TITLE STATEMENT
Title دور الأليكسيثيميا ونوعية الحياة الأسرية في التنبؤ بإيذاء الذات لدى المراهقات ذوات مظاهر اضطَّراب الشخصية الحدية /
Statement of responsibility, etc. إعداد جهاد أشرف محمد؛ إشراف أ.د/ شعبان جاب الله رضوان.
246 15 - VARYING FORM OF TITLE
Title proper/short title The role of alexithymia and quality of family life in predicting self-injury among female adolescents with manifestations of borderline personality disorder /
264 #0 - PRODUCTION, PUBLICATION, DISTRIBUTION, MANUFACTURE, AND COPYRIGHT NOTICE
Date of production, publication, distribution, manufacture, or copyright notice 2025.
300 ## - PHYSICAL DESCRIPTION
Extent 189 صفحة :
Other physical details إيضاحيات ؛
Dimensions 25 cm. +
Accompanying material CD.
336 ## - CONTENT TYPE
Content type term text
Source rda content
337 ## - MEDIA TYPE
Media type term Unmediated
Source rdamedia
338 ## - CARRIER TYPE
Carrier type term volume
Source rdacarrier
502 ## - DISSERTATION NOTE
Dissertation note أطروحة (ماجستير)-جامعة القاهرة، 2025.
504 ## - BIBLIOGRAPHY, ETC. NOTE
Bibliography, etc. note ببليوجرافيا: صفحات 151-176.
520 ## - SUMMARY, ETC.
Summary, etc. هدفت الدراسة الحالية إلى الكشف عن دور الأليكسيثيميا ونوعية الحياة الأسرية في التنبؤ بإيذاء الذات لدى المراهقات ذوات مظاهر اضطراب الشخصية الحدية, على عينة تكونت من (400) طالبة من المدارس الحكومية, وتكونت العينة الفرعية من (100) طالبة, ترواحت أعمارهن بين (14-18) سنة. وطُبق عليهم مقياس الأليكسيثيميا, ومقياس إيذاء الذات, ومقياس مظاهر اضطراب الشخصية الحدية وجميعهم من إعداد الباحثة, كما طُبق مقياس نوعية الحياة الأسرية, إعداد أمنية أحمد 2023, أسفرت النتائج عن عدم وجود علاقة بين الأليكسيثيميا و بين إيذاء الذات لدى المراهقات ذوات مظاهر اضطراب الشخصية الحدية.كما توصلت إلى وجود علاقة بين مكون التفكير الموجَّه للخارج وإيذات الذات.و كشفت النتائج أيضًا عن وجود علاقة ارتباطية سالبة بين نوعية الحياة الأسرية وبين إيذاء الذات. كما كشفت النتائج أن الأليكسيثيميا لم تُسهم في التنبؤ بإيذاء الذات, في حين أن مكون التفكير الموجَّه للخارج يُسهم في التنبؤ بإيذاء الذات. وتوصلت النتائج كذلك إلى أن الدرجة الكلية لنوعية الحياة الأسرية ومكوناتها الفرعية تُسهم في التنبؤ بإيذاء الذات لدى المراهقات ذوات مظاهر اضطراب الشخصية الحدية
520 ## - SUMMARY, ETC.
Summary, etc. The current study aims to reveal the role of alexithymia and quality of family life in predicting self-injury among female adolescents with manifestations of borderline personality disorder.The main sample consisted of ( 400) female students from public schools, A subsample of (100) students. Their ages ranged between (14 to 18) years. They were administered a scale of alexithymia ,borderline personality disorder, and self-injury all by the prepared researcher-as well as a quality of family life prepared by Omnia Ahmed(2023). The results revealed no significant relationship between alexithymia and self-injury among Female Adolescents with Manifestations of Borderline Personality Disorder, and there were found a relationship between the component of externally oriented thinking and alexithymia and self-injury. The results also revealed that there is a negative relationship between quality of family life and self-injury.The results also found alexithymia contributes to no predicting self-injury, and that the externally oriented thinking component contributes to predicting self-injury. Moreover, the results also found that the total degree of quality of family life and its subcomponents contribute to pedicting the total degree of self-injury among female adolescents with manifestations of borderline personality disorder.
530 ## - ADDITIONAL PHYSICAL FORM AVAILABLE NOTE
Issues CD صدر أيضًا كقرص مدمج.
546 ## - LANGUAGE NOTE
Text Language النص بالعربية والملخص باللغة الإنجليزية والعربية.
650 #7 - SUBJECT ADDED ENTRY--TOPICAL TERM
Topical term or geographic name entry element علم النفس الفروق
Source of heading or term qrmak
653 #0 - INDEX TERM--UNCONTROLLED
Uncontrolled term الأليكسيثيميا
-- نوعية الحياة الأسرية
-- إيذاء الذات
700 0# - ADDED ENTRY--PERSONAL NAME
Personal name شعبان جاب الله رضوان
Relator term مشرف أطروحة.
900 ## - Thesis Information
Grant date 20-08-2025
Supervisory body شعبان جاب الله رضوان
Universities جامعة القاهرة
Faculties كلية الآداب
Department قسم علم النفس الإكلينيكي
905 ## - Cataloger and Reviser Names
Cataloger Name Sara Salah
Reviser Names Afaf
942 ## - ADDED ENTRY ELEMENTS (KOHA)
Source of classification or shelving scheme Dewey Decimal Classification
Koha item type Thesis
Edition 21
Suppress in OPAC No
المقتنيات
Source of classification or shelving scheme Home library Current library Date acquired Inventory number Full call number Barcode Date last seen Effective from Koha item type
Dewey Decimal Classification المكتبة المركزبة الجديدة - جامعة القاهرة قاعة الرسائل الجامعية - الدور الاول 28.12.2025 33739 Cai01.02.11.M.Sc.2025.جه.د 01010100033739000 28.12.2025 28.12.2025 Thesis
Cairo University Libraries Portal Implemented & Customized by: Eng. M. Mohamady Contacts: new-lib@cl.cu.edu.eg | cnul@cl.cu.edu.eg
CUCL logo CNUL logo
© All rights reserved — Cairo University Libraries
CUCL logo
Implemented & Customized by: Eng. M. Mohamady Contact: new-lib@cl.cu.edu.eg © All rights reserved — New Central Library
CNUL logo
Implemented & Customized by: Eng. M. Mohamady Contact: cnul@cl.cu.edu.eg © All rights reserved — Cairo National University Library